|
|
|
|
| LEADER |
01603cas a2200277 a 4500 |
| 001 |
AALejournalIMF020031 |
| 008 |
230101c9999 xx r poo 0 0eng d |
| 020 |
|
|
|c 5.00 USD
|
| 020 |
|
|
|z 9781498338578
|
| 022 |
|
|
|a 2663-3493
|
| 040 |
|
|
|a BD-DhAAL
|c BD-DhAAL
|
| 110 |
2 |
|
|a International Monetary Fund.
|
| 245 |
1 |
0 |
|a Review of the Fund's Strategy on Overdue Financial Obligations.
|
| 264 |
|
1 |
|a Washington, D.C. :
|b International Monetary Fund,
|c 2011.
|
| 300 |
|
|
|a 1 online resource (22 pages)
|
| 490 |
1 |
|
|a Policy Papers
|
| 500 |
|
|
|a <strong>Off-Campus Access:</strong> No User ID or Password Required
|
| 500 |
|
|
|a <strong>On-Campus Access:</strong> No User ID or Password Required
|
| 506 |
|
|
|a Electronic access restricted to authorized BRAC University faculty, staff and students
|
| 520 |
3 |
|
|a This paper reviews progress under the Fund's strengthened cooperative strategy on overdue financial obligations. The level and structure of arrears to the Fund remained broadly unchanged since the last review. Total arrears to the Fund amounted to SDR 1,303.9 million at end-June 2011, a decline of about SDR 5.5 million since the last review. While payments to the Fund by Sudan and Zimbabwe were in excess of new obligations falling due since the last review, Somalia's arrears increased further.
|
| 538 |
|
|
|a Mode of access: Internet
|
| 650 |
|
7 |
|a PP
|2 imf
|
| 650 |
|
7 |
|a The Fund
|2 imf
|
| 651 |
|
7 |
|a Sudan
|2 imf
|
| 830 |
|
0 |
|a Policy Papers; Policy Paper ;
|v No. 2011/064
|
| 856 |
4 |
0 |
|z Full text available on IMF
|u http://elibrary.imf.org/view/journals/007/2011/064/007.2011.issue-064-en.xml
|z IMF e-Library
|